000 00621nam a2200229Ia 4500
003 OSt
005 20221007074105.0
006 a|||||r|||| 00| 0
007 ta
008 221006b |||||||| |||| 00| 0 eng d
024 _a10,234
037 _cTextual
040 _aFLL
_cFLL
_beng
041 _2eng
_aeng
082 _aZ2:1:111, K1
100 _aGupta Ram Lal Au.
_9692183
245 0 _aLaws of arrest,bail,search and seizure
260 _aLucknow
_bEastern law house India
_c1961
300 _a400p
_ccm.
942 _hZ2:1:111, K1
_cTEXL
_2CC
999 _c1151117
_d1151117